| 000 | 00883nam0a22002651 4500 | ||
|---|---|---|---|
| 001 | rc\3123835 | ||
| 005 | 20250530080708.0 | ||
| 021 |
_aRU _b[76-36321] |
||
| 035 | _a(NLR Aleph) 007312489 | ||
| 090 |
_a5824649 _c5824649 |
||
| 100 | _a20120615d1975 |||y0rusy50 ca | ||
| 101 | 0 | _arus | |
| 102 | _aRU | ||
| 105 | _ay z ||||| | ||
| 200 | 1 |
_aЭкспрессные методы в судебной фотографии _eУчеб. пособие _fВ.А. Оровер _gДальневост. гос. ун-т |
|
| 210 |
_aВладивосток _cБ. и. _d1975 |
||
| 215 |
_a64 с. _d19 |
||
| 320 | _aСписок лит.: с. 61-63 | ||
| 606 |
_aСудебная фотография _2psbo |
||
| 700 | 1 |
_aОровер _bВ.А. _gВиктор Альфредович |
|
| 801 | 0 |
_aRU _bNLR _gpsbo |
|
| 801 | 1 |
_aRU _bELAR _2rusmarc |
|
| 852 |
_aNLR _j76-4/25506 |
||
| 942 | _cBOOK | ||
| 980 | _aNB | ||